Statistics for Name the country- Level 5

Click here to take the quiz!

General Stats

  • This quiz has been taken 6 times
  • The average score is 15 of 20

Answer Stats

Answer% Correct
Nepal
100%
Belarus
83%
Estonia
83%
Eswatini
83%
Guatemala
83%
Indonesia
83%
Kyrgyzstan
83%
Liechtenstein
83%
Monaco
83%
Yemen
83%
Belize
67%
Kiribati
67%
Namibia
67%
Nauru
67%
Palau
67%
Papua New Guinea
67%
Tonga
67%
Uzbekistan
67%
Mali
50%
Rwanda
50%

Score Distribution

Percentile by Number Answered

Percent of People with Each Score

Your Score History

You have not taken this quiz